Frontiers of judicial research / (Record no. 126061)

MARC details
000 -LEADER
fixed length control field 00686cam a2200205 4500
008 - FIXED-LENGTH DATA ELEMENTS--GENERAL INFORMATION
fixed length control field s1969 mx eng
050 00 - LIBRARY OF CONGRESS CALL NUMBER
Classification number KF8775
Item number F76 1969
245 10 - TITLE STATEMENT
Title Frontiers of judicial research /
Statement of responsibility, etc ed. Joel B. Grossman, Joseph Tanenhaus, Eduard N. Muller.
260 ## - PUBLICATION, DISTRIBUTION, ETC. (IMPRINT)
Place of publication, distribution, etc New York :
Name of publisher, distributor, etc John Wiley and Sons, Inc.,
Date of publication, distribution, etc 1969
300 ## - PHYSICAL DESCRIPTION
Extent xviii , 492 p. ;
Dimensions 23 cm
504 ## - BIBLIOGRAPHY, ETC. NOTE
Bibliography, etc Incluye bibliografías
650 #0 - SUBJECT ADDED ENTRY--TOPICAL TERM
Topical term or geographic name as entry element Proceso
General subdivision Judicial
Geographic subdivision Estados Unidos
650 #0 - SUBJECT ADDED ENTRY--TOPICAL TERM
Topical term or geographic name as entry element Poder judicial
General subdivision Estados Unidos
700 1# - ADDED ENTRY--PERSONAL NAME
Personal name Grossman, Joel B. , ed.
700 1# - ADDED ENTRY--PERSONAL NAME
Personal name Tanenhaus, Joseph, ed.
700 1# - ADDED ENTRY--PERSONAL NAME
Personal name Muller, Eduard N. , ed.
942 ## - ADDED ENTRY ELEMENTS (KOHA)
Source of classification or shelving scheme Biblioteca del Cogreso de los Estados Unidos
Koha item type Libro
Holdings
Estado de pérdida Fuente de clasificación Estado del daño No para préstamo Ubicación permanente Ubicación actual Apartado o colección Fecha de adquisición Edición Enumeración de Serie / Cronológica Área del conocimiento Clasificación Código de Barras Date last seen Número de copia Costo por reposición Tipo de recurso
  Biblioteca del Cogreso de los Estados Unidos     Biblioteca de la Unidad de Ciencias Ingeniería y Humanidades Biblioteca de la Unidad de Ciencias Ingeniería y Humanidades General 09/02/2017 1a. ed. BCU000017393 Ciencias Sociales y Administrativas KF8775 F76 1969 BCU000017393 09/02/2017 1 1.00 Libro